Ako domček z karát- pohľad na bývanie liptovsko-hrádockých Rómov po dvoch rokoch

Bibliographic Details
Main Author: Ďurinová, Ingrid (Author, Photographer)
Format: Article
Language:Slovak
PhysicalDescription:Fotogr.
Subjects:

MARC

LEADER 00000nab a2200000 a 4500
001 vtls010260285
003 SK-MaSNL
005 20260303093027.0
008 11030221c2009 xo o e sl
015 |a SNBRB2010/06 
035 |a SVKKK000100701 
038 |a SVKKK 
040 |a SVKKK  |b slo  |c SVKKK  |e AACR2 
041 0 |a slo 
044 |a xo  |c SK 
080 |a 316.356.4  |x (=214.58)  |2 1997 
080 |a 332.8  |2 1997 
100 1 |a Ďurinová, Ingrid  |4 aut  |4 pht  |9 17540 
245 1 0 |a Ako domček z karát-  |b pohľad na bývanie liptovsko-hrádockých Rómov po dvoch rokoch  |c Ingrid Ďurinová 
300 |b Fotogr. 
650 0 7 |a sociálne byty  |x rómska osada  |z Liptovský Hrádok (Slovensko)  |2 snkbucl  |9 1103619 
773 0 |t Romano nevo ľil  |g Roč. 19, č. 911-916 (2009), s. 7 
852 |a SVKKK  |b BIB 
958 |a RQ 
999 |c 1813921  |d 1815851